000
00316nam a2200133Ia 4500
008
240624s9999 xx 000 0 und d
041
_a
eng
082
_a
330 MIS
100
_a
MISES LUDWIG VON
245
_a
HUMAN ACTION III
260
_c
2007
_a
Indiana
_b
Liberty Fund
300
_a
231 : p. : cm ; 24
365
_c
RS
999
_c
21288
_d
21288